00488nam a2200169 a 450000100060000000300090000600800410001502000150005604000280007108200180009910000300011724500510014726000470019830000110024549000400025665000220029611249CO-ViMGA141112s2004 ck r 000 u spa d a958914411X aCO-ViMGAbspacCO-ViMGA04aCo861.6 M34hL1 aMejía Mejía, Fernando10aLa heredera y el exilio, selección poética aBogotá, cFondo cultura cafetero, c1987 a209 p. aEdiciones fondo cultura cafetero 1414aPOESIA COLOMBIANA